Most Popular B Names - Statistics

General Stats
  • This quiz has been taken 295 times
  • The average score is 10 of 20
Answer Stats
# of People Name % Correct
358,474 Bryan
79%
1,060,250 Brian
77%
689,805 Benjamin
74%
214,515 Billy
67%
908,148 Barbara
63%
136,932 Beth
58%
282,812 Bradley
58%
744,564 Brandon
58%
391,996 Betty
56%
200,789 Bobby
56%
517,864 Brenda
53%
255,560 Brianna
46%
221,562 Bonnie
40%
136,359 Barry
38%
354,062 Brittany
38%
266,420 Bruce
38%
189,863 Blake
37%
192,524 Brooke
25%
242,718 Beverly
21%
151,157 Brett
19%
No matching quizzes found
Score Distribution
Percent of People with Each Score
Percentile by Number Answered
Your Score History
You have not taken this quiz